| 000 | 00517nam a22001817a 4500 | ||
|---|---|---|---|
| 999 |
_c3150 _d3150 |
||
| 003 | OSt | ||
| 005 | 20181024212718.0 | ||
| 008 | 181016b ||||| |||| 00| 0 eng d | ||
| 040 | _cDLC | ||
| 082 |
_a227.9 _bR569R |
||
| 100 | _aRiggs, Jack | ||
| 245 |
_aRemember these things : 2 Peter, 2 & 3 John, and Jude; _bAdult Teacher _cBy Jack Riggs. |
||
| 260 |
_aIllinois, USA : _c1990. _bRegular Baptist Press, |
||
| 300 | _a109 p.: | ||
| 440 | _aAdult Teacher | ||
| 650 | _a2 Peter, 2 & 3 John, and Jude | ||
| 942 |
_2ddc _cBK |
||